000 00473nam a2200145 i 4500
001 181017
003 ES-MaACL
005 20230906221241.0
008 121002s1915 sp |||| | spa d
245 0 4 _aLas operaciones de la guerra italo-austriaca
_b: mayo-diciembre 1915.
260 _aMadrid :
_b[s.n.,
_c1915?] (
_fArtes gráficas Mateu)
300 _a7 p., [2] h. de map. col. ;
_c25 cm.
650 0 4 _aGuerra mundial, 1914-1918.
_913212
852 _aES-MaACL
_j1522-F-19
999 _c181017
_d181017